Pays frontalier de la Zambie - Mort subite - Statistiques

Statistiques générales
  • Ce quiz a été pris 89 fois
  • Le résultat moyen est 4 sur 8
Answers on the Grid
Answers color-coded by a green-red scale on the quiz's grid according to % correct below.
Tanzanie
République du Congo
République démocratique du Congo
Burundi
Zimbabwe
Afrique du Sud
Botswana
Angola
Eswatini
Namibie
Malawi
Mozambique
 
Statistiques - réponses
Réponse % Correct
Zimbabwe
75%
Botswana
56%
République démocratique du Congo
56%
Malawi
52%
Mozambique
47%
Angola
42%
Namibie
42%
Tanzanie
41%
Aucun quiz correspondant
Distribution des résultats
% des personnes avec chaque résultat
Percentile par nombre de réponses
Votre historique - résultats
Vous n’avez pas pris ce quiz